000 00660nam a2200217 i 4500
001 7317
003 ES-MaACL
005 20250727033611.0
007 t|
008 901119s1984 sp ||||1| spa d
020 _a84-7209-169-4
080 _a28:32
080 _a32:28
100 1 _aUreña, Enrique M.
_9112125
245 1 3 _aEl Neoclericalismo de izquierda
_b: o el cristianismo de un engaño inaceptable /
_cEnrique M. Ureña.
260 _aMadrid :
_bUnion Editorial,
_cD.L. 1984.
300 _a106 p. ;
_c19 cm.
650 7 _aSocialismo y cristianismo
_2embne
_9140738
852 _aES-MaACL
_jL-14582
_bR.118420
_z. - rust.
999 _c7317
_d7317